000 00648nam a22002057a 4500
999 _c2853
_d2853
001 2853
003 BD-JhCC
005 20171107170702.0
008 171107b1998 bg ||||| |||| 00| 0 ben d
035 _a(BD-JhCC)
040 _aBD-JhCC
_dBD-JhCC
041 _aben
082 _a891.44
_bIQB 1998
100 _aইকবাল, মুহম্মদ জাফর
245 _aএকজন অভিমানী /
_cমুহম্মদ জাফর ইকবাল
260 _aঢাকা:
_bসময় প্রকাশন ;
_c১৯৯৮
300 _a৭৯ পৃ.;
_c২২ সেমি
650 _aScience fiction
942 _2ddc
_cBK